000
00290nam a2200097Ia 4500
008
220120s9999||||xx |||||||||||||| ||und||
100
_a
NIIT world class education
245
0
_a
DB2 universal database programming fundamentals : CC 10 stud
260
_b
New Delhi
_c
2001
300
_a
1478p.
_b
699
999
_c
136628
_d
136628